000 00748cam a2200265 4500
008 000000n2000 000 0 eng u
020 _a1860814069
035 _a(Sirsi) u107924
041 _aeng
100 _aPryke, Stuart
245 _aCleaning buildings: legislation and good practice
260 _aLondon
_bCRC Ltd
_c2000
300 _a8p. : ill. ; 30cm.
350 _a0
490 _aBRE Digest
_v448
650 _aCLEANING
650 _aEFFLUENT
650 _aHEALTH AND SAFETY
_96244
650 _aLEGISLATION
650 _aSTONE CLEANING
650 _aWASTE CONTROL
690 _aBUILT ENVIRONMENT-BUILDING MAINTENANCE AND REFURBISHMENT-BUILDING CONSERVATION
710 _aBuilding Research Establishment
942 _n0
999 _c100737
_d100737